| 000 | 00795nam a2200205 a 4500 | ||
|---|---|---|---|
| 003 | 0 | ||
| 005 | 20250317095721.0 | ||
| 008 | 071127s19uu xx 00 eng d | ||
| 050 |
_aPGS P 118.65.A34 _b.J91 2007 |
||
| 100 | _aJu, Jin Bae. | ||
| 245 |
_aThe relationship of age and language proficiency of the ILC lower school students / _cJin Bae Ju. |
||
| 260 |
_aLas PiƱas City, Philippines : _bSouthville International School and Colleges, _c2007. |
||
| 300 |
_a41 pages : _billustrations ; _c28 cm. |
||
| 504 | _aIncludes bibliographical references. | ||
| 650 | _aLanguage acquisition in children. | ||
| 650 |
_aSecond language acquisition _vAge factors. |
||
| 650 |
_aEnglish language _vStudy and teaching (Elementary). |
||
| 650 | _aLanguage and education. | ||
| 942 |
_2lcc _cPASS |
||
| 999 |
_c97722 _d97722 |
||